000
00329pab a2200133 454500
008
180718b1984 xxu||||| |||| 00| 0 eng d
245
_a
Taxation Laws (Amendment) Act, 1984
260
_c
1984
300
_a
225-6
362
_a
Oct.
650
_a
Taxation - Legislation - India
773
_a
Chartered Accountant
909
_a
19030
999
_c
19030
_d
19030